00990nam a22002297a 450000500170000001000130001702000220003003500130005203700160006504000120008108200280009310000590012124501100018024600490029026000860033927001090042530000520053465000620058665000560064865000280070465000280073220170124103146.0 aB-187165 c00.00a8174873902 aB-187165 bCen Lib/Ret aDPLbHN a330.2bचावला  aचावला, चन्द्रकान्ता  aआर्थिक प्रणालियाँ /cचन्द्रकान्ता चावला aArthik pranaliyan /bby Chandrakanta Chawla  bराधा पब्लिकेशन्स aनई दिल्ली c2005 bनई दिल्ली a4378/4बी, अंसारी रोड, दरियागंजe110002 a183पृ. c21सेमी(सजिल्द) aभारत -- आर्थिक प्रणाली  aभारत -- राष्ट्रीय आय  aIndia - Economic System aIndia - National Income